Reflexiones en torno a la acción social desarrollada por la Escuela de Trabajo Social de la Universidad de Costa Rica, período 2002-2006 /
Se expone la experiencia de la Escuela de Trabajo Social de la Universidad de Costa Rica en el campo de la acción social como medio de promoción del desarrollo social
Сохранить в:
| Главный автор: | |
|---|---|
| Формат: | Текст |
| Предметы: | |
| Метки: |
Добавить метку
Нет меток, Требуется 1-ая метка записи!
|
MARC
| LEADER | 00000 a a2200000 04500 | ||
|---|---|---|---|
| 001 | 13716 | ||
| 003 | |||
| 040 | |||
| 100 | |a Castillo Porras, Carmen | ||
| 245 | |a Reflexiones en torno a la acción social desarrollada por la Escuela de Trabajo Social de la Universidad de Costa Rica, período 2002-2006 / |c Carmen Castillo Porras | ||
| 520 | |a Se expone la experiencia de la Escuela de Trabajo Social de la Universidad de Costa Rica en el campo de la acción social como medio de promoción del desarrollo social | ||
| 650 | |a TRABAJO SOCIAL | ||
| 650 | |a UNIVERSIDAD DE COSTA RICA | ||
| 650 | |a SERVICIOS SOCIALES | ||
| 650 | |a ADMINISTRACION UNIVERSITARIA | ||
| 650 | |a CAMBIO SOCIAL | ||
| 650 | |a COSTA RICA | ||
| 773 | |g volumen 85, número 1 -2; páginas 351-360 | ||
| 999 | |c 22733 |d 22733 | ||
